000 01227cam a2200277 i 4500
003 SA-RiAUC
005 20250921114552.0
008 250920s1996 su g 0000p ara c
040 _aSA-RiKSU
_bara
_cSA-RiAUC
_erda
050 4 _bD59 1996
082 0 4 _a811.9531
_qSA-RiAUC
090 _a811.9531
_b ث ب ي
100 1 _aالثبيتي، مطلق بن حميد بن أحمد،
_d1359-1416 هجري
_eمؤلف.
245 1 0 _aديوان أندلسيات /
_cمطلق حميد الثبيتي ؛ تقديم فيصل مطلق الثبيتي.
250 _aالطبعة الأولى.
264 1 _a[مكان النشر غير محدد] :
_b[الناشر غير محدد]،
_c1996
264 3 _aجدة، السعودية :
_bمطابع مؤسسة المدينة للصحافة :
_bمطابع دار العلم
300 _a155 صفحة ؛
_c21 سم
336 _aنص
_btxt
_2rdacontent
_3كتاب
337 _aبدون وسيط
_bn
_2rdamedia
338 _aمجلد
_bnc
_2rdacarrier
650 7 _aالشعر العربي
_zالسعودية
_yقرن 14 هجري
_2aucsh
700 1 _aالثبيتي، فيصل مطلق حميد
_eمقدم.
942 _2ddc
_cBOOK
_n0
949 _aSA-JeALM
_d250920
_umohamedma123
_n1
999 _c11930
_d11930